000 00665nam a2200253Ia 4500
008 200601s9999 xx 000 0 und d
020 _a978-1-119-58588-6
050 _aComSc QA 76.9
050 _b.S88D46 2019
100 _aDennis, Alan.
245 0 _aSystems analysis and design /
245 0 _cAlan Dennis, Barbara Haley Wixom, Roberta M. Roth.
250 _a7th Edition
260 _aNew Jersey :
260 _bWiley,
260 _c2019
300 _a444 pages :
300 _billustrations ;
300 _c26 cm.
500 _aIncludes index.
650 _aComputer architecture.
650 _aSystem design.
650 _xSystem analysis.
999 _c363156
_d363156